|
|
|
|
| LEADER |
00000nam1a2200000 4500 |
| 001 |
155881 |
| 005 |
20231031152827.0 |
| 035 |
|
|
|a (RuTPU)RU\TPU\book\169068
|
| 035 |
|
|
|a RU\TPU\book\192464
|
| 035 |
|
|
|a RU\TPU\book\169068
|
| 090 |
|
|
|a 155881
|
| 100 |
|
|
|a 20100319d1985 km y0rusy5003 ca
|
| 101 |
0 |
|
|a rus
|
| 102 |
|
|
|a RU
|
| 200 |
1 |
|
|a Горение органического топлива
|d Organic fuel combustion
|e материалы V Всесоюзной конференции, сентябрь 1984 г., Новосибирск
|e [в 2 ч.]
|f Академия наук СССР (АН СССР), Сибирское отделение (СО), Институт теплофизики (ИТ) ; отв. ред. Я. Б. Зельдович , С. С. Кутателадзе
|
| 210 |
|
|
|a Новосибирск
|c Изд-во ИТФ
|d 1985
|
| 510 |
1 |
|
|a Organic fuel combustion
|z eng
|
| 702 |
|
1 |
|a Зельдович
|b Я. Б.
|c российский физик, физико-химик и астрофизик
|c академик АН СССР
|f 1914-1987
|g Яков Борисович
|2 stltpush
|3 (RuTPU)RU\TPU\pers\1085
|4 340
|
| 702 |
|
1 |
|a Кутателадзе
|b С. С.
|4 340
|
| 712 |
0 |
2 |
|a Академия наук СССР (АН СССР)
|b Сибирское отделение (СО)
|b Институт теплофизики (ИТ)
|c (Новосибирск)
|2 stltpush
|3 (RuTPU)RU\TPU\col\11307
|
| 712 |
0 |
2 |
|a Горение органического топлива
|b всесоюзная конференция
|d 5
|e Новосибирск
|f 1985
|
| 801 |
|
1 |
|a RU
|b 63413507
|c 20090209
|g PSBO
|
| 801 |
|
2 |
|a RU
|b 63413507
|c 20151113
|g PSBO
|
| 942 |
|
|
|c BK
|